Statistics for 5 Funny, Memorable Car Insurance Commercials

Click here to take the quiz!

General Stats

  • This quiz has been taken 362 times
  • The average score is 4 of 5

Answer Stats

HintAnswer% Correct
A Gecco and a Caveman are among this company's spokesmenGeico
97%
Features Flo, flaming pants, and the MessengerProgressive
88%
Protects you from MayhemAll State
87%
Aaron Rodgers and the "Discount Double Check"State Farm
80%
Features a cartoon character named Erin and the voice of John KrasinskiEsurance
31%

Score Distribution

Percentile by Number Answered

Percent of People with Each Score

Your Score History

You have not taken this quiz